The adoption of requirements management in the delivery of refurbishment projects | Construction statistics annual 2002 edition (Record no. 102658)

MARC details
000 -LEADER
fixed length control field 01259cam a2200289 4500
008 - FIXED-LENGTH DATA ELEMENTS--GENERAL INFORMATION
fixed length control field 030217n2002 000 0 eng u
020 ## - INTERNATIONAL STANDARD BOOK NUMBER
International Standard Book Number 0115154884
035 ## - SYSTEM CONTROL NUMBER
System control number (Sirsi) u121353
041 ## - LANGUAGE CODE
Language code of text/sound track or separate title eng.
050 ## - LIBRARY OF CONGRESS CALL NUMBER
Classification number 306.0212
-- 18
110 ## - MAIN ENTRY--CORPORATE NAME
Corporate name or jurisdiction name as entry element United Kingdom
Subordinate unit Department of Trade and Industry
245 04 - TITLE STATEMENT
Title The adoption of requirements management in the delivery of refurbishment projects
Medium [electronic resource]
245 ## - TITLE STATEMENT
Title Construction statistics annual 2002 edition
250 ## - EDITION STATEMENT
Edition statement 3rd ed.
260 ## - PUBLICATION, DISTRIBUTION, ETC.
Place of publication, distribution, etc. Norwich
Name of publisher, distributor, etc. TSO
Date of publication, distribution, etc. 2002
300 ## - PHYSICAL DESCRIPTION
Extent 252p.
Dimensions 30cm.
350 ## - PRICE (NR) (BK AM CF MU VM SE) [OBSOLETE]
Price 45
520 ## - SUMMARY, ETC.
Summary, etc. Gives a broad perspective of statistical trends in the construction industry in Great Britain through the last decade together with some international comparisions and features on leading initiatives which may influence the future. Also available to view on the DTI website www.dti.gov.uk/construction/.
650 ## - SUBJECT ADDED ENTRY--TOPICAL TERM
Topical term or geographic name entry element CONSTRUCTION STATISTICS
650 ## - SUBJECT ADDED ENTRY--TOPICAL TERM
Topical term or geographic name entry element CONSTRUCTION INDUSTRY
650 ## - SUBJECT ADDED ENTRY--TOPICAL TERM
Topical term or geographic name entry element CONSTRUCTION COSTS
650 ## - SUBJECT ADDED ENTRY--TOPICAL TERM
Topical term or geographic name entry element CONSTRUCTION ORDERS
650 ## - SUBJECT ADDED ENTRY--TOPICAL TERM
Topical term or geographic name entry element BUILT ENVIRONMENT-BUILDING MATERIALS
690 ## - LOCAL SUBJECT ADDED ENTRY--TOPICAL TERM (OCLC, RLIN)
Topical term or geographic name as entry element BUILT ENVIRONMENT
856 ## - ELECTRONIC LOCATION AND ACCESS
Uniform Resource Identifier <a href="https://www.dti.gov.uk/construction/stats/csa2004.htm">https://www.dti.gov.uk/construction/stats/csa2004.htm</a>
Public note View the statistics on the DTI website...
942 ## - ADDED ENTRY ELEMENTS (KOHA)
Suppress in OPAC 0
Holdings
Withdrawn status Lost status Source of classification or shelving scheme Damaged status Not for loan Home library Current library Shelving location Date acquired Cost, normal purchase price Total Checkouts Full call number Barcode Date last seen Copy number Cost, replacement price Price effective from Koha item type
    Dewey Decimal Classification     London London Statistics 07/03/2003 48.00   STATISTICS 30068402 06/08/2019 1 48.00 06/08/2019 Reference material